000 00762nam a22002537a 4500
005 20170124105925.0
010 _a807005
020 _c00
_a0706904397
035 _a807005
037 _bCen Lib/Ret
040 _aDPL
_bEN
082 _a020
100 _aSetty, K. Umapathy
_96115
245 _aProblems in library management /
_cby K. Umapathy Setty
246 _b
260 _bVikas Publishing House
_c1976
_aNew Delhi
270 _bNew Delhi
_a5, ansari road
_e110002
300 _aviii, 111p.
_c21cm(Hb)
650 _aLibrary science
_96116
650 _aManagement
_93072
650 _a पुस्तकालय विज्ञान
_96117
650 _aप्रबंधन
_96118
942 _2ddc
_cEN
_h0020
_mSET
999 _c123441
_d123441